On the threshold of government : the Italian Communist Party, 1976-81 /

Bibliographic Details
Main Author: Ruscoe, James
Format: Book
Language:English
Published: New York : St. Martin's Press, 1982.
Subjects:

MARC

Tag First Indicator Second Indicator Subfields
LEADER 00000pam a2200000 a 4500
001 in00000336999
005 20151011053853.0
008 810915s1982 nyu b 00110 eng
010 |a  81014622  
020 |a 0312584571 :  |c $27.50 
035 |a (OCoLC)07836344 
035 |9 ABL8553AM 
039 0 |a 2  |b 3  |c 3  |d 3  |e 3 
040 |a DLC  |c DLC  |d TXA  |d UtOrBLW 
043 |a e-it--- 
049 |a TXAM  |c [987825] 
050 0 0 |a JN5657 C63  |b  R87 1982 
100 1 |a Ruscoe, James. 
245 1 0 |a On the threshold of government :  |b the Italian Communist Party, 1976-81 /  |c James Ruscoe. 
264 1 |a New York :  |b St. Martin's Press,  |c 1982. 
300 |a xiii, 293 pages ;  |c 23 cm. 
336 |a text  |b txt  |2 rdacontent 
337 |a unmediated  |b n  |2 rdamedia 
338 |a volume  |b nc  |2 rdacarrier 
500 |a Includes index. 
504 |a Bibliography: pages 280-286. 
610 2 0 |a Partito comunista italiano. 
650 0 |a Communism  |z Italy. 
999 |a MARS 
999 f f |s 069dbf53-8518-36c2-8c53-91d53cf8dadb  |i 0af912e7-9e2b-357f-abef-81b011d9931f  |t 0 
952 f f |p ric  |a Texas A&M University  |b Rellis Campus  |c Joint Library Facility  |d Remote Storage  |t 0  |e JN5657 C63 R87 1982  |h Library of Congress classification  |i unmediated -- volume  |m A14807309517 
998 f f |a JN5657 C63 R87 1982  |t 0  |l Remote Storage